| 000 | 01259cam a2200289 i 4500 | ||
|---|---|---|---|
| 003 | SA-RiAUC | ||
| 005 | 20241030094759.0 | ||
| 008 | 241024s1933 sy g 000r0 ara c | ||
| 040 |
_aSA-RiAUC _bara _cSA-RiAUC _erda |
||
| 082 | 0 | 4 | _a235.4 |
| 090 |
_a235.4 _bح م د |
||
| 100 | 1 |
_aحمد الخطابي، حمد بن محمد بن إبراهيم، _d319-388 هجري _eمؤلف. |
|
| 245 | 1 | 0 |
_aمعالم السنن، وهو، شرح سنن أبي داود / _cلأبي سليمان حمد بن محمد الخطابي البستي. |
| 246 | 3 | 3 | _aشرح سنن أبي داود |
| 250 | _aالطبعة الأولى. | ||
| 264 | 1 |
_aحلب، سوريا : _b[الناشر غير محدد]، _c[1933] |
|
| 264 | 3 |
_a[مكان الطبع غير محدد] : _bالمطبعة العلمية. |
|
| 300 |
_a4 مجلد في 2 ؛ _c24 سم |
||
| 336 |
_aنص _btxt _2rdacontent _3كتاب |
||
| 337 |
_aبدون وسيط _bn _2rdamedia |
||
| 338 |
_aمجلد _bnc _2rdacarrier |
||
| 650 | 7 |
_aالحديث _xسنن أبي داود _2aucsh |
|
| 700 | 1 | 2 |
_aأبو داود، سليمان بن الأشعث بن إسحاق، _d202-275 هجري |
| 740 | 0 | 2 | _aسنن الإمام أبي داود. |
| 942 |
_2ddc _cRARE BOOK _n0 |
||
| 949 |
_aSA-JeALM _d241024 _ukhaled123 _n1 |
||
| 999 |
_c1923 _d1923 |
||